01143cam a2200265 i 450000100060000000300080000600500170001400800390003103500190007004000320008904100080012108200280012910000450015724501280020225000120033026000460034230000250038850400510041365000440046465100390050894200120054799900170055995201570057695201440073326415BD-RjUL20211209051020.0140322s1980 ii b 001 0 eng a(BD-RjUL)26485 aDLCcDLCdDLCdBD-RjULbeng aeng00a954.56023219bSRP 19801 aSrivastava, Kanhaiya Lall,d1924-98122114aThe position of Hindus under the Delhi Sultanate, 1206-1526 /cby Kanhaiya Lall Srivastava ; with a foreword by H.L. Singh. a1st ed. aNew Delhi :bMunshiram Manoharlal,c1980. axv, 272 p. ;c23 cm. aIncludes Bibliography: p. [243]-262 and index. 0aHinduszIndiazDelhi (Sultanate)981222 0aDelhi (Sultanate)xHistory.979001 2ddccBK c26415d26415 00102ddc40708NFICaRUCLbRUCLcStackd1990-05-23ekarim International dhakag100.00l0o954.56023 SRP 1980r2014-03-22 00:00:00tC-2w2014-03-22yBK 00102ddc40718NFICaRUCLbRUCLcReadingd1989-04-23eKarim int.g100.00l0o954.56023 SRP 1980r2017-02-12 00:00:00tC-1w2017-02-12yBK